| 000 | 01638nam0a2200349 4500 | ||
|---|---|---|---|
| 001 | RU\NLR\bibl\908422 | ||
| 005 | 20260405102725.0 | ||
| 021 |
_aRU _b2005-88461 _94372 |
||
| 035 | _a(NLR Aleph) 000896784 | ||
| 090 |
_a1752565 _c1752565 |
||
| 100 | _a20060217d2005 |||y0rusy50 ca | ||
| 101 | 0 |
_arus _deng |
|
| 102 | _aRU | ||
| 105 | _aa z ||||| | ||
| 200 | 1 |
_aКогерентная трассировка лучей для сцен, содержащих объекты со сложными светорассеивающими свойствами _fА.В. Адинец, Б.Х. Барладян, А.Г. Волобой [и др.] |
|
| 210 |
_aМосква _c[б. и.] _d2005 |
||
| 215 |
_a18 с. _cил. _d21 |
||
| 225 | 1 |
_aПрепринт _fРос. акад. наук, Ин-т прикл. математики им. М.В. Келдыша _vN 107 |
|
| 300 | _aРез. на англ. яз. | ||
| 320 | _aБиблиогр.: с. 17-18 (14 назв.) | ||
| 606 | 1 |
_aКомпьютерная графика _xМатематические основы _92210462 _3RU\NLR\auth\661327874 |
|
| 606 | 1 |
_aСвет _xРассеяние поверхностью _92417485 _3RU\NLR\auth\661439928 |
|
| 686 | _aЗ973.235-01 | ||
| 686 | _aВ343.6 | ||
| 701 | 1 |
_aАдинец _bА. В. _4070 |
|
| 701 | 1 |
_4070 _8rus _7ca _aБарладян _bБ. Х. _gБорис Хаимович _3RU\NLR\auth\7738431 _921415 |
|
| 701 | 1 |
_4070 _8rus _7ca _aВолобой _bА. Г. _f1966- _gАлексей Геннадьевич _3RU\NLR\AUTH\7725320 _98369 |
|
| 801 | 0 |
_aRU _bNLR _c20060217 _grcr |
|
| 801 | 1 |
_aRU _bNLR _c20060217 |
|
| 942 | _cBOOK | ||
| 980 | _aNB | ||